000 00503nam a2200169 a 4500
001 4110
005 20140414132037.0
008 090202s19uu xx 00 eng d
020 _a0-590-62345-1
050 _aTR
_bW57 1996
100 _aHarrison, David L.
245 _aWhen cows come home /
_cby David L. Harrison ; illustrated by Chris L. Demarest.
260 _aNew York :
_bScholastic,
_cc1996.
300 _a1 v. (unpaged) : col., ill. ;
700 _aDemarest, Chris L., ill.
999 _c113759
_d113759